000 00256nam a22001217a 4500
008 181122b xxu||||| |||| 00| 0 eng d
041 _aeng
080 _a910
100 _a42
101 _aGJEO
245 _aWide World Atlas
_cDigest,R
942 _2udc
_cBK
999 _c52333
_d52333